01057cam a2200289 450000100060000000300080000600500170001400800410003102000150007203500190008704000320010604100080013808200110014611000110015724500750016826000280024330000200027149000550029150000810034650001250042750400410055265000300059365000430062365000250066683000220069183000540071335156BD-RjUL20211209052253.0730625s1973 fr b i100 0 eng  a9231010956 a(BD-RjUL)35250 aDLCcDLCdDLCdBD-RjULbeng aeng00a301.562 aUnesco00aAnthropology and language science in educational development /cUnesco aParis :bUnescocc1973. a58 p. ;c27 cm.1 aEducational studies and documents ;vnew ser. ; 11 aLabel mounted on t.p.: UNIPUB, inc., Box 433, Murray Hill Station, New York. a"Papers presented at the meetings of two advisory groups convened at Unesco, Paris, on 21-25 June and 19-23 July, 1971." aIncludes bibliographical references. 0aEducational anthropology. 0aLanguages, ModernxStudy and teaching. 0aApplied linguistics. 0vnew ser., no. 11. 0aEducational studies and documents. new ser. ; 11.